00769 2200229 4500001002100000005001500021035002000036007000300056008004100059020001800100082001000118084001600128100003100144245001900175260004600194300002700240500022300267650001600490856001700506990000800523990000800531INLIS00000000000017620220217084353 a0010-0222000054ta220217 g 0 ind  a9789790260061 a297.5 a297.5 ABD e0 aAbd Fattah Shobri Ali Umar1 aElang dan Guci aYogyakarta :bPustaka Insan Madani,c2008 a48 hlm ;c20.5 x 28 cm aMalang bagi elang, ia kehausan tapi tak ada telaga yang menyisahkan air. satu2nya tempat yang masih menyembunyikan air adalah sebuah guci. tapi leher guci itu terlalu panjang, sehingga elang tidak dapat menjangkau air. 4aEtika Islam aKoleksi Umum a586 a587